|
000
|
00853nam0 2200253 450
|
|
001
|
3009300672
|
|
005
|
20060309161827.40
|
|
010
|
|
@dCNY0.27
|
|
091
|
|
@aCN@b13010.0295
|
|
100
|
|
@a19930724d1979 efmy0chiy0120 ea
|
|
101
|
0
|
@achi
|
|
102
|
|
@aCN@b110000
|
|
105
|
|
@aa z 000yy
|
|
200
|
1
|
@a数学分析中一些重要概念及其矛盾概念@AShu Xue Fen Xi Zhong Yi Xie Chong Yao Gai Nian Ji Ji Mao Dun Gai Nian@f吕通庆编@FLu^ Tong Qing Bian
|
|
210
|
|
@a北京@c高等教育出版社@d1979.03
|
|
215
|
|
@a45页@c图@d19cm
|
|
300
|
|
@a高等学校教学参考书
|
|
330
|
|
@a本书由数学分析中的一些重要概念出发, 推导出这些概念的矛盾概念, 讨论了数学分析中的一些重要概念之间的关系。
|
|
606
|
|
@a数学@x概念@x高等学校@x教学参考书
|
|
690
|
|
@aO1@v3
|
|
690
|
|
@aO17@v4
|
|
701
|
0
|
@a吕通庆@ALu^ Tong Qing@4编
|
|
801
|
|
@aCN@bNiSoft@c20060309
|
|
905
|
|
@a10447@dO1@e717
|
|
|
|
|
| |
| 数学分析中一些重要概念及其矛盾概念/吕通庆编.-北京:高等教育出版社,1979.03 |
| 45页:图;19cm |
| 高等学校教学参考书 |
| |
| ISBN :CNY0.27 |
| 本书由数学分析中的一些重要概念出发, 推导出这些概念的矛盾概念, 讨论了数学分析中的一些重要概念之间的关系。 |
| ● |
正题名:数学分析中一些重要概念及其矛盾概念
索取号:O1/717
 
预约/预借
| 序号
|
登录号
|
条形码
|
馆藏地/架位号
|
状态
|
备注
|
|
1
|
112600
|
201126003
|
海科密-1楼/47架13列3层/
[索取号:O1/717]
|
在馆
|
|
|
2
|
112601
|
201126012
|
海科密-1楼/47架12列7层/
[索取号:O1/717]
|
在馆
|
|
|
3
|
112602
|
201126021
|
海科密-1楼/47架12列5层/
[索取号:O1/717]
|
在馆
|
|
|
4
|
112603
|
201126030
|
海科密-1楼/47架12列4层/
[索取号:O1/717]
|
在馆
|
|